000
00250pab a2200109 454500
008
180718b xxu||||| |||| 00| 0 eng d
100
_a
Subrahmanyam, K
245
_a
Uncivil conduct
650
_a
Civil Service
773
_a
Economic Times
909
_a
24038
999
_c
24038
_d
24038